00697nam a2200229 a 4500001001300000003000900013005001700022008004100039020001000080082001800090100002900108245005800137260004300195300000900238500003500247505001000282650002700292902000800319942000700327952011800334999001500452nice12345678IN_TiNIC20260116012110.0050524s1958 hyda grp 000 0 eng  ac10000a954.0258bCRO aCentral Records Office,  aSelected Documents of Aurangzeb`s Reign 1659-1706 A.D aHyderabadbCentral Record Officec1958 a243p aincludes index and biblioraphy2 aIndex aMughal India-Aurangzeb bSRS cBK 001040708StackRoom-aHMIbHMId2007-04-04g100.00l0o954.0258 CROp08022r2007-04-04v100.00w2005-05-24yBK c5630d5630